[Event "España ch 2010 sub-12"]
[Site "Linares ESP"]
[Date "2010.07.06"]
[Round "1.1"]
[White "Bru Rullo, Llatzer"]
[Black "Lomba Gonzalez, Daniel"]
[Result "1-0"]
[WhiteElo "1941"]
[BlackElo "1406"]
[PlyCount "113"]
[EventDate "2010.07.06"]
[EventType "swiss"]
[EventRounds "9"]
[EventCountry "ESP"]
[Source "lmi"]
[SourceDate "2010.07.06"]

1. e4 c5 2. Nf3 d6 3. c3 Nc6 4. d4 cxd4 5. cxd4 e6 6. Nc3 a6 7. Bd3 e5 8. Be3
Bg4 9. d5 Nce7 10. h3 Bd7 11. O-O Ng6 12. Rc1 b5 13. Ne2 Nf6 14. Qd2 Be7 15.
Rc2 Rc8 16. Rxc8 Bxc8 17. Ng3 O-O 18. Rc1 Bd7 19. b3 Qa8 20. Ne1 Rc8 21. Nc2
Bd8 22. Qb4 Ne8 23. Be2 a5 24. Qd2 b4 25. Bc4 Qb7 26. Qe2 Ra8 27. Nf1 Rb8 28.
Nd2 Bb5 29. Ne1 Nf8 30. Bxb5 Qxb5 31. Qxb5 Rxb5 32. Rc8 Bc7 33. Rxe8 Rb8 34.
Rxb8 Bxb8 35. Bb6 Nd7 36. Bxa5 Nc5 37. Bxb4 Na6 38. Ba3 Kf8 39. Nc4 Ke7 40.
Nxe5 Bc7 41. Nc6+ Kd7 42. Nd3 g6 43. Bb2 h5 44. b4 Bb6 45. a4 h4 46. a5 Bd8 47.
b5 Nc7 48. b6 Na6 49. Nxd8 Kxd8 50. Ba3 Kd7 51. f3 g5 52. Nb4 Nb8 53. a6 Kc8
54. a7 Kb7 55. axb8=Q+ Kxb8 56. Bb2 Kb7 57. Bd4 1-0

[Event "España ch 2010 sub-12"]
[Site "Linares ESP"]
[Date "2010.07.06"]
[Round "1.2"]
[White "Pozo Vinuesa, Pedro"]
[Black "Martin Carmona, Gaston"]
[Result "0-1"]
[WhiteElo "1368"]
[BlackElo "1875"]
[PlyCount "118"]
[EventDate "2010.07.06"]
[EventType "swiss"]
[EventRounds "9"]
[EventCountry "ESP"]
[Source "lmi"]
[SourceDate "2010.07.06"]

1. e4 c5 2. Nf3 d6 3. d4 cxd4 4. Nxd4 Nf6 5. Nc3 a6 6. Bc4 e6 7. O-O b5 8. Bb3
b4 9. Na4 Nxe4 10. Re1 d5 11. Be3 Bd6 12. Nf3 Nd7 13. Bd4 O-O 14. h3 Bb7 15.
Be3 Bc6 16. Nd4 Bb5 17. Nf3 Qa5 18. c3 bxc3 19. Nxc3 Bb4 20. Bd2 Nxc3 21. Bxc3
Bxc3 22. bxc3 Qxc3 23. Rc1 Qd3 24. Qxd3 Bxd3 25. Rcd1 Be4 26. Ng5 Bg6 27. Rd2
Rfc8 28. Nf3 Nc5 29. Bc2 Ne4 30. Bxe4 Bxe4 31. Ne5 Bg6 32. Nd7 Rc7 33. Nb6 Rb8
34. Na4 Rb4 35. Rb2 Rxb2 36. Nxb2 h6 37. Re2 d4 38. Rd2 e5 39. f4 f6 40. g3 Rc2
41. Rxc2 Bxc2 42. Kf2 e4 43. Nc4 Kf7 44. Ke1 e3 45. f5 Bxf5 46. g4 Bc2 47. Ke2
Ke6 48. Na3 Bg6 49. Nc4 Kd5 50. Nb6+ Kc5 51. Na4+ Kb4 52. Nb2 Kc3 53. Nd1+ Kc2
54. h4 d3+ 55. Ke1 d2+ 56. Ke2 Bd3+ 57. Kxe3 Kxd1 58. Kxd3 Ke1 59. Kc2 d1=Q+
0-1

[Event "España ch 2010 sub-12"]
[Site "Linares ESP"]
[Date "2010.07.06"]
[Round "1.3"]
[White "Santos Ruiz, Miguel"]
[Black "Moreno Lara, Sergio"]
[Result "1-0"]
[WhiteElo "1855"]
[BlackElo "1289"]
[PlyCount "71"]
[EventDate "2010.07.06"]
[EventType "swiss"]
[EventRounds "9"]
[EventCountry "ESP"]
[Source "lmi"]
[SourceDate "2010.07.06"]

1. e4 e6 2. d4 d5 3. Nc3 Nf6 4. e5 Nfd7 5. f4 c5 6. Nf3 Nc6 7. Be3 Be7 8. Be2
O-O 9. O-O b6 10. Kh1 Bb7 11. Bb5 Qc8 12. Bxc6 Qxc6 13. Ng1 Ba6 14. Rf3 f6 15.
Nce2 fxe5 16. fxe5 Rxf3 17. Nxf3 Bc4 18. Nf4 Rf8 19. c3 Bb5 20. Rc1 c4 21. Qe1
Ba6 22. Qg3 Rf7 23. Qg4 Nf8 24. h4 Bd8 25. Nh3 h6 26. Bxh6 Nh7 27. Nf4 Bc8 28.
Nh5 Qd7 29. Rf1 Kh8 30. Bc1 Bb7 31. Kh2 a5 32. Nf4 Re7 33. Ng6+ Kg8 34. Ng5
Nxg5 35. Rf8+ Kh7 36. Qh5# 1-0

[Event "España ch 2010 sub-12"]
[Site "Linares ESP"]
[Date "2010.07.06"]
[Round "1.15"]
[White "Fernandez Gil, Ruben Carlos"]
[Black "Rodriguez Dominguez, Miguel"]
[Result "1/2-1/2"]
[WhiteElo "1721"]
[BlackElo "1728"]
[PlyCount "53"]
[EventDate "2010.07.06"]
[EventType "swiss"]
[EventRounds "9"]
[EventCountry "ESP"]
[Source "lmi"]
[SourceDate "2010.07.06"]

1. d4 d5 2. c4 e6 3. Nc3 Nf6 4. Bg5 Be7 5. e3 c6 6. Nf3 Nbd7 7. cxd5 cxd5 8.
Bd3 a6 9. O-O O-O 10. Rc1 b5 11. Bxf6 Bxf6 12. Qc2 g6 13. Ne2 Bb7 14. Qc7 Qxc7
15. Rxc7 Bc8 16. Rfc1 Nb6 17. b3 Bd8 18. R7c2 Bb7 19. Ne5 Rc8 20. Nc6 Bf6 21.
g3 Bxc6 22. Rxc6 Rxc6 23. Rxc6 Rb8 24. Kg2 Kf8 25. Rc7 Bd8 26. Ra7 Ra8 27. Rb7
1/2-1/2

[Event "España ch 2010 sub-12"]
[Site "Linares ESP"]
[Date "2010.07.06"]
[Round "2.1"]
[White "Guerra Arrocha, Daniel"]
[Black "Bru Rullo, Llatzer"]
[Result "0-1"]
[WhiteElo "1609"]
[BlackElo "1941"]
[PlyCount "92"]
[EventDate "2010.07.06"]
[EventType "swiss"]
[EventRounds "9"]
[EventCountry "ESP"]
[Source "lmi"]
[SourceDate "2010.07.06"]

1. e4 e5 2. Nf3 Nc6 3. Nc3 Nf6 4. d4 Bb4 5. Nxe5 O-O 6. Nxc6 dxc6 7. Bg5 Re8 8.
Bxf6 Rxe4+ 9. Be2 Qxf6 10. O-O Rxd4 11. Bd3 Bf5 12. Qe2 Bxd3 13. cxd3 Bxc3 14.
bxc3 Rd7 15. Rfe1 g6 16. Rab1 b6 17. d4 a5 18. Rbd1 Rad8 19. Rd3 c5 20. Rf3 Qc6
21. Qc4 Qd5 22. Qxd5 Rxd5 23. Re7 R5d7 24. Rfxf7 Rxe7 25. Rxe7 cxd4 26. Kf1
dxc3 27. Rxc7 Rd1+ 28. Ke2 Rd2+ 29. Ke3 Rxa2 30. Rxc3 b5 31. Rc8+ Kg7 32. Rb8
b4 33. Rb5 Ra3+ 34. Kd4 b3 35. Kc3 a4 36. g4 Ra2 37. g5 Rxf2 38. Rb7+ Rf7 39.
Rb4 Ra7 40. Kb2 a3+ 41. Kb1 b2 42. Ka2 Kf7 43. Rb6 Ke7 44. h3 Kd7 45. Rf6 Rb7
46. Rf1 b1=B+ 0-1

[Event "España ch 2010 sub-12"]
[Site "Linares ESP"]
[Date "2010.07.06"]
[Round "2.2"]
[White "Martin Carmona, Gaston"]
[Black "Hernandez Martinez, Carlos"]
[Result "1-0"]
[WhiteElo "1875"]
[BlackElo "1608"]
[PlyCount "87"]
[EventDate "2010.07.06"]
[EventType "swiss"]
[EventRounds "9"]
[EventCountry "ESP"]
[Source "lmi"]
[SourceDate "2010.07.06"]

1. e4 Nc6 2. d4 d5 3. e5 Bf5 4. c3 e6 5. Nf3 Nge7 6. Bg5 h6 7. Bh4 Qd7 8. Bd3
Bxd3 9. Qxd3 Ng6 10. Bg3 Be7 11. O-O O-O 12. Nbd2 a6 13. Nb3 b6 14. Rac1 Rfc8
15. Rfd1 Nd8 16. c4 c6 17. cxd5 cxd5 18. Rxc8 Qxc8 19. Rc1 Qb7 20. Qc2 a5 21.
a3 b5 22. Nc5 Qb6 23. h4 h5 24. Qe2 Nf8 25. Nd2 g6 26. Nf3 b4 27. a4 Rc8 28.
Qb5 Qxb5 29. axb5 Nb7 30. Nd3 Rxc1+ 31. Nxc1 Nd7 32. b3 Nb6 33. Bf4 Na8 34. Bg5
Kf8 35. Bxe7+ Kxe7 36. Nd3 Nb6 37. Nc5 Nd8 38. Kf1 f6 39. exf6+ Kxf6 40. Ne5
Kf5 41. f3 g5 42. hxg5 Kxg5 43. g3 Kf6 44. Ke2 1-0

[Event "España ch 2010 sub-12"]
[Site "Linares ESP"]
[Date "2010.07.06"]
[Round "2.3"]
[White "Picazo Gonzalez, Ana"]
[Black "Santos Ruiz, Miguel"]
[Result "0-1"]
[WhiteElo "1607"]
[BlackElo "1855"]
[PlyCount "90"]
[EventDate "2010.07.06"]
[EventType "swiss"]
[EventRounds "9"]
[EventCountry "ESP"]
[Source "lmi"]
[SourceDate "2010.07.06"]

1. d4 Nf6 2. c4 e6 3. a3 b6 4. Nc3 Bb7 5. d5 Be7 6. e4 d6 7. f4 exd5 8. cxd5
O-O 9. Nf3 Re8 10. Be2 Bf8 11. Nd2 Ba6 12. Bxa6 Nxa6 13. O-O Nc5 14. Qc2 Ng4
15. Nf3 g6 16. b4 Nb7 17. Re1 Bg7 18. Bb2 Re7 19. Rac1 Qd7 20. Na4 Rae8 21.
Bxg7 Kxg7 22. Nc3 Nf6 23. h3 Nh5 24. Qd2 Kg8 25. Kh2 Nd8 26. g4 Ng7 27. Qd4 h5
28. g5 Kh7 29. Qf6 Kg8 30. Rc2 Rf8 31. Qd4 Rfe8 32. Qc4 h4 33. Nxh4 Nh5 34. Ng2
f5 35. e5 dxe5 36. d6+ Rf7 37. dxc7 Qxc7 38. Qxc7 Rxc7 39. fxe5 Nf7 40. e6 Nxg5
41. Re3 Rxe6 42. Rxe6 Nxe6 43. Rc1 Nd4 44. Na2 Nf3+ 45. Kh1 Ng3# 0-1

[Event "España ch 2010 sub-12"]
[Site "Linares ESP"]
[Date "2010.07.06"]
[Round "2.4"]
[White "Lopez Mulet, Inigo"]
[Black "Mandado Castelany, Marco"]
[Result "1/2-1/2"]
[WhiteElo "1830"]
[BlackElo "1604"]
[PlyCount "148"]
[EventDate "2010.07.06"]
[EventType "swiss"]
[EventRounds "9"]
[EventCountry "ESP"]
[Source "lmi"]
[SourceDate "2010.07.06"]

1. d4 d5 2. c4 e6 3. Nf3 Nf6 4. g3 Nbd7 5. Bg2 Be7 6. O-O O-O 7. Qc2 c6 8. Nbd2
b6 9. e4 dxe4 10. Nxe4 Bb7 11. Rd1 Nxe4 12. Qxe4 Nf6 13. Qc2 Rc8 14. Ne5 Qc7
15. Bf4 Bd6 16. Nd3 Bxf4 17. Nxf4 c5 18. d5 exd5 19. Nxd5 Bxd5 20. cxd5 Qd6 21.
Qc4 Rfe8 22. Re1 Kf8 23. Kf1 Rxe1+ 24. Rxe1 Re8 25. Rxe8+ Kxe8 26. f4 Qe7 27.
Qb5+ Qd7 28. Qe2+ Qe7 29. Qb5+ Qd7 30. Qe2+ Kf8 31. Qe5 Ng4 32. Qh5 Ne3+ 33.
Kf2 Nxg2 34. Kxg2 h6 35. Qe5 f6 36. Qe4 Qe7 37. Kf3 Kf7 38. a4 Qxe4+ 39. Kxe4
g6 40. Kd3 Ke7 41. h3 h5 42. g4 hxg4 43. hxg4 f5 44. gxf5 gxf5 45. Kc3 Kd6 46.
Kc4 a6 47. b3 b5+ 48. axb5 axb5+ 49. Kxb5 Kxd5 50. Kb6 c4 51. bxc4+ Kxc4 52.
Kc6 Kd4 53. Kb5 Ke4 54. Kc4 Kxf4 55. Kd3 Ke5 56. Ke3 f4+ 57. Kf3 Kf5 58. Kf2
Ke4 59. Ke2 f3+ 60. Kf2 Kf4 61. Kf1 Kg5 62. Kf2 Kg4 63. Kf1 Kf5 64. Kf2 Ke4 65.
Kf1 Ke3 66. Ke1 Ke4 67. Kf1 Kf5 68. Kf2 Kf4 69. Kf1 Kg4 70. Kf2 Kf4 71. Kf1 Ke3
72. Ke1 Ke4 73. Kf2 Kf4 74. Kg1 Ke5 1/2-1/2

[Event "España ch 2010 sub-12"]
[Site "Linares ESP"]
[Date "2010.07.06"]
[Round "2.5"]
[White "Ucles Lirola, Moises"]
[Black "Mateos Atienza, Alberto"]
[Result "1-0"]
[WhiteElo "1753"]
[BlackElo "1590"]
[PlyCount "109"]
[EventDate "2010.07.06"]
[EventType "swiss"]
[EventRounds "9"]
[EventCountry "ESP"]
[Source "lmi"]
[SourceDate "2010.07.06"]

1. e4 c5 2. Nf3 e6 3. d4 cxd4 4. Nxd4 a6 5. Nc3 Qc7 6. Bd3 Bb4 7. Bd2 Nf6 8.
O-O Be7 9. Be3 d6 10. Qf3 O-O 11. Rad1 Nbd7 12. Qg3 Kh8 13. f4 b5 14. Qh3 Bb7
15. f5 e5 16. Nf3 b4 17. Ne2 Bxe4 18. Ng5 Bxd3 19. cxd3 Qb7 20. Ng3 d5 21. Qh4
h6 22. Nf3 Ng8 23. Qh3 Qc6 24. Rc1 Qd6 25. Bg5 Bxg5 26. Nxg5 Qb6+ 27. Kh1 Qe3
28. Nf3 Qxd3 29. Rfd1 Rac8 30. Rxd3 Rxc1+ 31. Ng1 d4 32. Qg4 Ngf6 33. Qe2 Rfc8
34. Rd1 R8c2 35. Rxc1 Rxe2 36. N3xe2 d3 37. Ng3 Ng4 38. Nf3 Ne3 39. Kg1 Nc2 40.
Ne4 g5 41. Ne1 Nc5 42. Nxd3 Nxd3 43. Rxc2 Kg7 44. g3 Ne1 45. Rd2 Nf3+ 46. Kg2
Nxd2 47. Nxd2 Kf6 48. g4 h5 49. Ne4+ Kg7 50. Kg3 h4+ 51. Kf3 f6 52. Ke3 Kf7 53.
Kd3 Ke7 54. Kc4 a5 55. Kb5 1-0

[Event "España ch 2010 sub-12"]
[Site "Linares ESP"]
[Date "2010.07.06"]
[Round "2.6"]
[White "Panades Catarineu, Oriol"]
[Black "Domingo Nunez, Alejandro"]
[Result "0-1"]
[WhiteElo "1606"]
[BlackElo "1753"]
[PlyCount "66"]
[EventDate "2010.07.06"]
[EventType "swiss"]
[EventRounds "9"]
[EventCountry "ESP"]
[Source "lmi"]
[SourceDate "2010.07.06"]

1. e4 c5 2. Nf3 d6 3. d4 cxd4 4. Nxd4 Nf6 5. Nc3 g6 6. Be3 Bg7 7. f3 O-O 8. Qd2
Nc6 9. O-O-O Nxd4 10. Bxd4 Be6 11. Be3 Qa5 12. Kb1 Rfc8 13. a3 a6 14. Bh6 Bxh6
15. Qxh6 Rxc3 16. bxc3 Qxa3 17. c4 b5 18. Qc1 Qa4 19. Qb2 bxc4 20. Kc1 Rc8 21.
c3 Nd7 22. Qb4 Qa1+ 23. Kd2 Qa2+ 24. Ke1 Rb8 25. Rd2 Qb3 26. Qxb3 cxb3 27. Rb2
a5 28. Bd3 a4 29. Ke2 a3 30. Rd2 b2 31. Rb1 a2 32. Rdxb2 Rxb2+ 33. Rxb2 a1=Q
0-1

[Event "España ch 2010 sub-12"]
[Site "Linares ESP"]
[Date "2010.07.06"]
[Round "2.7"]
[White "Cervello Tost, Ferran"]
[Black "Pozo Vinuesa, Elena"]
[Result "1-0"]
[WhiteElo "1748"]
[BlackElo "1576"]
[PlyCount "101"]
[EventDate "2010.07.06"]
[EventType "swiss"]
[EventRounds "9"]
[EventCountry "ESP"]
[Source "lmi"]
[SourceDate "2010.07.06"]

1. e4 e5 2. Nf3 Nc6 3. Bb5 a6 4. Bxc6 dxc6 5. d4 exd4 6. Qxd4 Qxd4 7. Nxd4 Bc5
8. c3 Nf6 9. f3 O-O 10. Be3 Re8 11. O-O Be6 12. Kh1 Bd7 13. Nd2 b5 14. N2b3 Bb6
15. Nc2 Be6 16. Nbd4 c5 17. Nxe6 Rxe6 18. Rfd1 c4 19. Rd2 h6 20. Rad1 Rae8 21.
Rd8 Kh7 22. Rxe8 Rxe8 23. Bxb6 cxb6 24. Rd6 Re6 25. Rxe6 fxe6 26. Nb4 a5 27.
Nc2 e5 28. Na3 Ne8 29. Nxb5 Kg8 30. Na7 Kf7 31. Nc8 b5 32. Na7 Nc7 33. Nc6 a4
34. Nxe5+ Ke6 35. Nc6 g5 36. Nd4+ Ke5 37. Kg1 g4 38. Kf2 gxf3 39. gxf3 Kf4 40.
Nf5 h5 41. Ng7 h4 42. Nf5 Kg5 43. Ke3 Ne6 44. Nd4 Nc7 45. f4+ Kf6 46. e5+ Ke7
47. Ke4 h3 48. f5 Kf7 49. f6 Ne6 50. Nxe6 Kxe6 51. Kd4 1-0

[Event "España ch 2010 sub-12"]
[Site "Linares ESP"]
[Date "2010.07.06"]
[Round "2.8"]
[White "Hernandez Mateo, Borja"]
[Black "Aguila Hernandez, Eduardo"]
[Result "0-1"]
[WhiteElo "1575"]
[BlackElo "1734"]
[PlyCount "115"]
[EventDate "2010.07.06"]
[EventType "swiss"]
[EventRounds "9"]
[EventCountry "ESP"]
[Source "lmi"]
[SourceDate "2010.07.06"]

1. e4 e5 2. Nf3 Nc6 3. Bb5 a6 4. Ba4 Nf6 5. O-O b5 6. Bb3 Be7 7. c3 d6 8. d4
exd4 9. cxd4 Bg4 10. Be3 Na5 11. Bc2 Nc4 12. Bc1 O-O 13. b3 Nb6 14. Nbd2 Rc8
15. Bb2 c5 16. d5 Nfd7 17. h3 Bh5 18. Qe2 Bf6 19. Bxf6 Qxf6 20. Qe3 Rfe8 21.
Qg5 Bg6 22. Qxf6 gxf6 23. Nh4 h5 24. Nxg6 fxg6 25. f4 Kg7 26. g4 hxg4 27. hxg4
c4 28. Rac1 c3 29. Nf3 b4 30. Nd4 Nb8 31. Rf2 Rh8 32. Ne6+ Kf7 33. g5 N6d7 34.
e5 dxe5 35. fxe5 f5 36. Re1 Nc5 37. Nf4 Rhg8 38. d6 Ne6 39. Nd5 Rgd8 40. Nxb4
Nxg5 41. Bd3 Nh3+ 42. Kg2 Nxf2 43. Kxf2 Ke6 44. Bc4+ Rxc4 45. bxc4 Rc8 46. Nd5
Rxc4 47. Nc7+ Kd7 48. Rd1 c2 49. e6+ Kc6 50. Rc1 Kxd6 51. e7 Kxe7 52. Nd5+ Kd6
53. Ne3 Rc3 54. Rxc2 Rxc2+ 55. Nxc2 Nc6 56. Kg3 Kc5 57. Kf4 Nb4 58. Ke5 0-1

[Event "España ch 2010 sub-12"]
[Site "Linares ESP"]
[Date "2010.07.06"]
[Round "2.9"]
[White "Pruja Ramirez De Cartagena, Eduar"]
[Black "Perez Tores, Juan Miguel"]
[Result "1-0"]
[WhiteElo "1681"]
[BlackElo "1726"]
[PlyCount "49"]
[EventDate "2010.07.06"]
[EventType "swiss"]
[EventRounds "9"]
[EventCountry "ESP"]
[Source "lmi"]
[SourceDate "2010.07.06"]

1. e4 c5 2. Nc3 Nc6 3. f4 g6 4. Nf3 Bg7 5. Bb5 Qc7 6. d3 a6 7. Bxc6 Qxc6 8. O-O
d6 9. Qe1 Nf6 10. Bd2 O-O 11. Qh4 e6 12. f5 exf5 13. Bh6 Bxh6 14. Qxh6 Ng4 15.
Qh4 h5 16. Nd5 Kh7 17. h3 Ne5 18. Nf6+ Kg7 19. Qg5 Rh8 20. exf5 Nxf3+ 21. Rxf3
d5 22. fxg6 fxg6 23. Nxh5+ Rxh5 24. Qe7+ Kh6 25. Qf8+ 1-0

[Event "España ch 2010 sub-12"]
[Site "Linares ESP"]
[Date "2010.07.06"]
[Round "2.10"]
[White "Salagran Ferragut, Guillem"]
[Black "Soriano Gracia, Manuel"]
[Result "1-0"]
[WhiteElo "1725"]
[BlackElo "1564"]
[PlyCount "97"]
[EventDate "2010.07.06"]
[EventType "swiss"]
[EventRounds "9"]
[EventCountry "ESP"]
[Source "lmi"]
[SourceDate "2010.07.06"]

1. e4 e5 2. Nf3 Nc6 3. Bb5 a6 4. Ba4 Nf6 5. d3 Be7 6. Bxc6 dxc6 7. Nxe5 Bd6 8.
Nf3 O-O 9. O-O Bc5 10. Bg5 Be7 11. Nc3 Bg4 12. h3 Bh5 13. Qe2 h6 14. Bf4 Bc5
15. Rad1 Re8 16. Be3 Bb4 17. Nb1 Qd7 18. c3 Ba5 19. Nbd2 Rad8 20. Nc4 Bb6 21.
Nxb6 cxb6 22. Bxb6 Rc8 23. Be3 Rcd8 24. Kh1 Qe6 25. a3 Rd7 26. Rg1 Red8 27. Bb6
Re8 28. Qe3 Kh7 29. Nd4 Qe5 30. f4 Qe7 31. Nf5 Qe6 32. g4 Bxg4 33. hxg4 g6 34.
Nxh6 Nd5 35. Qh3 Nxb6 36. f5 Qf6 37. g5 Qh8 38. Nxf7+ Kg7 39. Nxh8 Rxh8 40. f6+
Kg8 41. Qxh8+ Kxh8 42. Rdf1 Kg8 43. d4 Kf7 44. e5 Rd8 45. Re1 Re8 46. Rg2 Nd5
47. Rf2 b5 48. e6+ Kf8 49. Rh2 1-0

[Event "España ch 2010 sub-12"]
[Site "Linares ESP"]
[Date "2010.07.06"]
[Round "2.11"]
[White "Heredia Navarro, Alvaro"]
[Black "Domingo Nunez, Ruben"]
[Result "0-1"]
[WhiteElo "1554"]
[BlackElo "1718"]
[PlyCount "74"]
[EventDate "2010.07.06"]
[EventType "swiss"]
[EventRounds "9"]
[EventCountry "ESP"]
[Source "lmi"]
[SourceDate "2010.07.06"]

1. e4 c5 2. Nc3 Nc6 3. g3 d6 4. Bg2 g6 5. d3 Bg7 6. Bd2 Nf6 7. f4 Bg4 8. Nf3
O-O 9. O-O Nd4 10. h3 Nxf3+ 11. Bxf3 Bxh3 12. g4 Bxf1 13. Qxf1 Rb8 14. Rb1 b5
15. a3 a5 16. a4 bxa4 17. Nxa4 Qd7 18. b3 Nxg4 19. Qh3 Ne5 20. Qg3 Nxf3+ 21.
Qxf3 Qb7 22. Kf2 f5 23. Qh3 e5 24. Rh1 Bh8 25. Nb6 Qa7 26. Nc4 Rbd8 27. Nxa5
Rd7 28. b4 cxb4+ 29. Ke2 Qxa5 30. Rg1 Rdf7 31. Rh1 exf4 32. Bxf4 fxe4 33. Ke3
Qc5+ 34. Kd2 Qf2+ 35. Kd1 Qxf4 36. dxe4 Qf3+ 37. Qxf3 Rxf3 0-1

[Event "España ch 2010 sub-12"]
[Site "Linares ESP"]
[Date "2010.07.06"]
[Round "2.12"]
[White "Rodriguez Mellado, Antonio"]
[Black "Salagran Ferragut, Eduard"]
[Result "1-0"]
[WhiteElo "1716"]
[BlackElo "1533"]
[PlyCount "99"]
[EventDate "2010.07.06"]
[EventType "swiss"]
[EventRounds "9"]
[EventCountry "ESP"]
[Source "lmi"]
[SourceDate "2010.07.06"]

1. e4 c5 2. Nf3 Nc6 3. d4 cxd4 4. Nxd4 e5 5. Nb3 Nf6 6. Nc3 Bb4 7. Bc4 Nxe4 8.
Qd5 Nd6 9. O-O Nxc4 10. Qxc4 Bxc3 11. Qxc3 O-O 12. Nc5 d5 13. Qg3 Re8 14. Rd1
Nd4 15. Rd2 Qa5 16. c3 Qxc5 17. cxd4 exd4 18. Rd1 Bf5 19. Bf4 Re4 20. Rac1 Rae8
21. f3 Qb6 22. fxe4 dxe4 23. Qb3 Qxb3 24. axb3 d3 25. Kf2 h6 26. Rc7 g5 27. Be3
Bg4 28. Rd2 f5 29. h3 Be2 30. g3 Rf8 31. Bd4 Rf7 32. Rxf7 Kxf7 33. Be5 Ke6 34.
Bb8 Kd5 35. Ke3 a6 36. b4 Kc4 37. Bd6 Kd5 38. Bf8 h5 39. Bh6 g4 40. h4 Ke6 41.
b3 Kd5 42. Rb2 Kc6 43. Ra2 Kb5 44. Ra5+ Kxb4 45. Rxf5 Kc3 46. Rc5+ Kxb3 47.
Kxe4 d2 48. Bxd2 b5 49. Rxh5 a5 50. Bxa5 1-0

[Event "España ch 2010 sub-12"]
[Site "Linares ESP"]
[Date "2010.07.06"]
[Round "2.13"]
[White "Losa Ordonez, Juan Jose"]
[Black "Garriga Cazorla, Pere"]
[Result "1/2-1/2"]
[WhiteElo "1537"]
[BlackElo "1715"]
[PlyCount "55"]
[EventDate "2010.07.06"]
[EventType "swiss"]
[EventRounds "9"]
[EventCountry "ESP"]
[Source "lmi"]
[SourceDate "2010.07.06"]

1. e4 d6 2. d4 Nf6 3. Nc3 e5 4. Nf3 Nbd7 5. dxe5 dxe5 6. Bc4 Be7 7. O-O O-O 8.
Bg5 c6 9. a4 b6 10. Bxf6 Bxf6 11. Qd6 Nc5 12. Rfd1 Qxd6 13. Rxd6 Kh8 14. Rad1
Be7 15. Rxc6 Bb7 16. Rc7 Bf6 17. Bd5 Bxd5 18. Rxd5 Rfd8 19. Rxf7 Nxe4 20. Rfd7
Rxd7 21. Rxd7 Nxc3 22. bxc3 Rc8 23. Rxa7 h6 24. Rb7 Rxc3 25. Rxb6 Rxc2 26. Kf1
Ra2 27. Re6 Rxa4 28. Ng1 1/2-1/2

[Event "España ch 2010 sub-12"]
[Site "Linares ESP"]
[Date "2010.07.06"]
[Round "2.14"]
[White "Gomez Dieguez, Adrian"]
[Black "Gonzalez Capacete, Jose Miguel"]
[Result "1-0"]
[WhiteElo "1524"]
[BlackElo "1705"]
[PlyCount "49"]
[EventDate "2010.07.06"]
[EventType "swiss"]
[EventRounds "9"]
[EventCountry "ESP"]
[Source "lmi"]
[SourceDate "2010.07.06"]

1. e4 d6 2. d4 Nf6 3. f3 g6 4. Be3 Bg7 5. Nc3 c6 6. Qd2 Nbd7 7. h4 h5 8. g3 b5
9. Bh3 Nb6 10. Bxc8 Rxc8 11. b3 Qc7 12. Nh3 b4 13. Ne2 c5 14. dxc5 dxc5 15. Rd1
O-O 16. Kf2 Rfd8 17. Qc1 c4 18. Bf4 Qc5+ 19. Be3 Rxd1 20. Rxd1 Qc6 21. Ng5 cxb3
22. cxb3 Qc2 23. Bxb6 axb6 24. Rd8+ Bf8 25. Rxc8 1-0

[Event "España ch 2010 sub-12"]
[Site "Linares ESP"]
[Date "2010.07.06"]
[Round "2.15"]
[White "Ortega Lopez, Mikel"]
[Black "Rodriguez Govea, Elizabeth"]
[Result "1-0"]
[WhiteElo "1703"]
[BlackElo "1507"]
[PlyCount "59"]
[EventDate "2010.07.06"]
[EventType "swiss"]
[EventRounds "9"]
[EventCountry "ESP"]
[Source "lmi"]
[SourceDate "2010.07.06"]

1. e4 e5 2. d4 exd4 3. Nf3 Nc6 4. Bc4 Bc5 5. c3 dxc3 6. Bxf7+ Kxf7 7. Qd5+ Kf8
8. Qxc5+ Qe7 9. Qxc3 Qxe4+ 10. Be3 d6 11. O-O Bg4 12. Nd4 Re8 13. Nd2 Qg6 14.
f3 Bh3 15. Rf2 Nge7 16. Qb3 Nxd4 17. Bxd4 Nf5 18. Bc3 Ne3 19. g3 b6 20. Re2 Nf5
21. Rxe8+ Qxe8 22. Ne4 Nh6 23. Re1 Qf7 24. Qd1 Qc4 25. g4 Bxg4 26. fxg4 Qxa2
27. Qd4 Rg8 28. Nf6 Kf7 29. Nxg8 Nxg8 30. Qxg7# 1-0

[Event "España ch 2010 sub-12"]
[Site "Linares ESP"]
[Date "2010.07.07"]
[Round "3.1"]
[White "Bru Rullo, Llatzer"]
[Black "Ponce Cano, Adrian"]
[Result "0-1"]
[WhiteElo "1941"]
[BlackElo "1702"]
[PlyCount "100"]
[EventDate "2010.07.06"]
[EventType "swiss"]
[EventRounds "9"]
[EventCountry "ESP"]
[Source "lmi"]
[SourceDate "2010.07.06"]

1. e4 c5 2. Nf3 Nc6 3. c3 Nf6 4. e5 Nd5 5. d4 cxd4 6. cxd4 d6 7. Bc4 Nb6 8. Bb5
Bg4 9. d5 a6 10. dxc6 axb5 11. cxb7 Rb8 12. O-O Rxb7 13. exd6 exd6 14. Qb3 Qd7
15. Re1+ Be7 16. Bg5 Be6 17. Qe3 Nd5 18. Qe2 Nf6 19. Nc3 O-O 20. a3 h6 21. Be3
Rfb8 22. Bd4 Bf5 23. Nxb5 Be6 24. a4 Kf8 25. Rec1 Bb3 26. Nc3 Be6 27. Nd1 Nd5
28. a5 Nb4 29. a6 Rc7 30. Rxc7 Qxc7 31. Qe4 Nc6 32. Qh7 f6 33. Be3 Ra8 34. Nh4
Ne5 35. Qh8+ Bg8 36. Nf5 Bd8 37. Nd4 Qf7 38. Nf5 Ng6 39. Nxh6 Nxh8 40. Nxf7
Bxf7 41. b4 Ng6 42. b5 Ne5 43. b6 Bd5 44. Ra5 Bc6 45. Ra2 Be7 46. b7 Re8 47.
Bb6 Nd7 48. Bc7 Kf7 49. Rb2 Bd8 50. b8=Q Re1# 0-1

[Event "España ch 2010 sub-12"]
[Site "Linares ESP"]
[Date "2010.07.07"]
[Round "3.2"]
[White "Laiz Ibanez, Hector"]
[Black "Martin Carmona, Gaston"]
[Result "1/2-1/2"]
[WhiteElo "1673"]
[BlackElo "1875"]
[PlyCount "110"]
[EventDate "2010.07.06"]
[EventType "swiss"]
[EventRounds "9"]
[EventCountry "ESP"]
[Source "lmi"]
[SourceDate "2010.07.06"]

1. e4 c5 2. Nf3 d6 3. d4 cxd4 4. Nxd4 Nf6 5. Nc3 g6 6. Be3 Bg7 7. f3 O-O 8. Bc4
Nc6 9. Bb3 Bd7 10. O-O Qa5 11. Qd2 Rfc8 12. Nxc6 bxc6 13. Rfd1 Rab8 14. Rab1
Rb7 15. Ne2 Qxd2 16. Bxd2 c5 17. c4 Rb6 18. Bc2 Ra6 19. a3 Ba4 20. b3 Bd7 21.
a4 Rb6 22. Bc3 Ne8 23. Bxg7 Kxg7 24. Nc3 Bc6 25. Nd5 Bxd5 26. exd5 Nc7 27. Re1
Kf8 28. Kf2 Na6 29. Re2 Nb4 30. Ke1 Rc7 31. Kd2 Rb8 32. Kc3 Kg7 33. f4 Kf6 34.
g4 Nxc2 35. Kxc2 e6 36. Rd1 Rd8 37. Kc3 a5 38. Kc2 Rb7 39. Re3 Rb6 40. Rd2 Rdb8
41. Rd1 Re8 42. f5 gxf5 43. gxf5 e5 44. Rf1 e4 45. Rh3 e3 46. Re1 Kxf5 47.
Rhxe3 Rxe3 48. Rxe3 Rb7 49. Re8 Kg4 50. Rd8 Rb6 51. Rg8+ Kf4 52. Rg7 f5 53.
Rxh7 Kg5 54. Rg7+ Kf6 55. Rg8 f4 1/2-1/2

[Event "España ch 2010 sub-12"]
[Site "Linares ESP"]
[Date "2010.07.07"]
[Round "3.3"]
[White "Santos Ruiz, Miguel"]
[Black "Garcia Porlan, Beatriz"]
[Result "1-0"]
[WhiteElo "1855"]
[BlackElo "1702"]
[PlyCount "69"]
[EventDate "2010.07.06"]
[EventType "swiss"]
[EventRounds "9"]
[EventCountry "ESP"]
[Source "lmi"]
[SourceDate "2010.07.06"]

1. e4 e5 2. Nf3 Nc6 3. Bb5 a6 4. Ba4 Nf6 5. d3 b5 6. Bb3 Be7 7. O-O d6 8. c3
O-O 9. h3 Na5 10. Bc2 c5 11. Re1 Nc6 12. Nbd2 Re8 13. Nf1 Bf8 14. Kh2 h6 15. g4
Nh7 16. Ng3 g6 17. Be3 Bd7 18. Qd2 g5 19. Rg1 Ne7 20. Nf5 Nxf5 21. gxf5 Bg7 22.
Bb3 Kf8 23. Qe2 Qe7 24. Rg2 a5 25. a4 bxa4 26. Bc4 Reb8 27. Rag1 Nf6 28. Nxg5
hxg5 29. Bxg5 Bb5 30. Bd5 Ra7 31. Bxf6 Qxf6 32. Rxg7 Be8 33. Rg8+ Ke7 34. R1g7
Kd8 35. Rxe8+ 1-0